[Event "Prague Pelikan Memorial 24th"]
[Site "Prague"]
[Date "2022.08.02"]
[Round "4"]
[White "Guenther, Andreas"]
[Black "Soural, Jan"]
[Result "0-1"]
[WhiteElo "2088"]
[BlackElo "2119"]
[PlyCount "108"]
[EventDate "2022.07.30"]
[EventType "tourn"]
[EventRounds "9"]
[EventCountry "CZE"]
[SourceTitle "CBM 209 Extra"]
[Source "ChessBase"]
[SourceDate "2022.09.30"]
[SourceVersion "1"]
[SourceVersionDate "2022.09.30"]
[SourceQuality "1"]

1. b3 e5 2. Bb2 Nc6 3. e3 Nf6 4. Bb5 e4 5. d3 a6 6. Bxc6 dxc6 7. Nc3 Bf5 8. d4 Bd6 9. h3 h5 10. Qd2 Qe7 11. 0-0-0 0-0-0 12. Nb1 h4 13. Ne2 Rh6 14. c4 Bg6 15. Nf4 Bxf4 16. exf4 e3 17. Qxe3 Qxe3+ 18. fxe3 Re8 19. Rde1 Be4 20. Nd2 Bxg2 21. Rh2 Rg6 22. Rg1 Be4 23. Rg5 Bd3 24. Nf3 Rxe3 25. Ne5 Rxg5 26. fxg5 Ne4 27. Kd1 Bf1 28. Nxf7 Bxh3 29. d5 Bg4+ 30. Kc2 Bh5 31. Bd4 Re1 32. Nh8 Re2+ 33. Rxe2 Bxe2 34. Bxg7 h3 35. Be5 Nxg5 36. dxc6 Nf3 37. cxb7+ Kxb7 38. Bg3 h2 39. Bxh2 Nxh2 40. Nf7 Nf3 41. Kc3 Bf1 42. Nd8+ Kb6 43. Ne6 Bh3 44. Nf4 Bc8 45. Nd3 Kc6 46. Nb4+ Kd6 47. Nd3 Ng5 48. b4 Bf5 49. Nc1 Ke5 50. Nb3 Ne4+ 51. Kb2 Be6 52. Na5 Kd4 53. c5 Bd5 54. a4 Nxc5 0-1

[Event "Prague Pelikan Memorial 24th"]
[Site "Prague"]
[Date "2022.08.01"]
[Round "3"]
[White "Guenther, Andreas"]
[Black "Hogeman, Joel"]
[Result "1-0"]
[WhiteElo "2088"]
[BlackElo "2160"]
[PlyCount "43"]
[EventDate "2022.07.30"]
[EventType "tourn"]
[EventRounds "9"]
[EventCountry "CZE"]
[SourceTitle "CBM 209 Extra"]
[Source "ChessBase"]
[SourceDate "2022.09.30"]
[SourceVersion "1"]
[SourceVersionDate "2022.09.30"]
[SourceQuality "1"]

1. b3 Nf6 2. Bb2 e6 3. Nf3 b6 4. e3 Bb7 5. d4 d5 6. Bd3 Bd6 7. 0-0 0-0 8. Nbd2 c5 9. Ne5 Nc6 10. a3 Rc8 11. f4 Ne7 12. Qe2 Ne4 13. Nxe4 dxe4 14. Bc4 Nf5 15. Rad1 Qe7 16. d5 f6 17. dxe6 b5 18. Bxb5 fxe5 19. fxe5 Bc7 20. Rd7 Qg5 21. e7 Nxe7 22. Bc4+ 1-0

[Event "GER-ch 37th"]
[Site "Magdeburg"]
[Date "2019.06.01"]
[Round "9"]
[White "Polster, Christian"]
[Black "Guenther, Andreas"]
[Result "1-0"]
[WhiteElo "2236"]
[BlackElo "2121"]
[PlyCount "59"]
[EventDate "2019.05.26"]
[EventType "swiss"]
[EventRounds "9"]
[EventCountry "GER"]
[SourceTitle "CBM 190 Extra"]
[Source "ChessBase"]
[SourceDate "2019.07.15"]
[SourceVersion "1"]
[SourceVersionDate "2019.07.15"]
[SourceQuality "1"]

1. b3 e5 2. Bb2 Nc6 3. e3 Nf6 4. Bb5 Bd6 5. Na3 Na5 6. Be2 c6 7. c4 Qe7 8. Nc2 c5 9. d4 exd4 10. exd4 Nc6 11. Nf3 0-0 12. 0-0 Ne4 13. Bd3 f5 14. Re1 cxd4 15. Ncxd4 Nxd4 16. Bxe4 fxe4 17. Qxd4 Rf4 18. Nd2 Bb4 19. Rxe4 Rxe4 20. Nxe4 d6 21. Bc3 Bxc3 22. Nxc3 Bd7 23. Rd1 Re8 24. h3 Bc6 25. Qxd6 Qg5 26. Nd5 h6 27. Qf4 Qh5 28. Qg4 Qe5 29. f4 Qe4 30. Nf6+ 1-0

[Event "GER-ch 37th"]
[Site "Magdeburg"]
[Date "2019.05.30"]
[Round "6"]
[White "Adiyaman, Rene"]
[Black "Guenther, Andreas"]
[Result "1-0"]
[WhiteElo "2175"]
[BlackElo "2121"]
[PlyCount "115"]
[EventDate "2019.05.26"]
[EventType "swiss"]
[EventRounds "9"]
[EventCountry "GER"]
[SourceTitle "CBM 190 Extra"]
[Source "ChessBase"]
[SourceDate "2019.07.15"]
[SourceVersion "1"]
[SourceVersionDate "2019.07.15"]
[SourceQuality "1"]

1. e4 d5 2. exd5 Qxd5 3. Nc3 Qa5 4. Bc4 Nf6 5. Nf3 Nc6 6. 0-0 Bg4 7. Re1 e6 8. h3 Bh5 9. Bb5 0-0-0 10. Bxc6 bxc6 11. Qe2 Bd6 12. a3 Rhe8 13. Rb1 Qf5 14. b4 g5 15. Ne4 Nxe4 16. Qxe4 Qxe4 17. Rxe4 Bxf3 18. gxf3 Bf4 19. d3 Bxc1 20. Rxc1 Rd5 21. Rce1 Kd7 22. f4 Rg8 23. Kh2 Rg6 24. Kg3 gxf4+ 25. Kxf4 Rh5 26. Rh1 c5 27. h4 cxb4 28. axb4 a5 29. c3 axb4 30. cxb4 Rd5 31. Ke3 e5 32. Rc4 Rgd6 33. Rd1 Rd4 34. Rd2 h5 35. f3 c6 36. Ke2 Ke6 37. Rdc2 Rxd3 38. Rxc6 Rb3 39. R6c4 Rdd3 40. Rc6+ Kf5 41. Rh6 Re3+ 42. Kd2 Rxf3 43. Rxh5+ Kf4 44. Ke2 Rh3 45. Kf1 e4 46. Rc7 Rhf3+ 47. Kg2 Rb2+ 48. Kg1 Rg3+ 49. Kh1 f6 50. b5 Kg4 51. Rhc5 Rd3 52. Rg7+ Kh3 53. Rc1 e3 54. b6 Rxb6 55. Rcg1 Rb2 56. R7g3+ Kxh4 57. Rg4+ Kh5 58. Rg8 1-0

[Event "GER-ch 37th"]
[Site "Magdeburg"]
[Date "2019.05.29"]
[Round "5"]
[White "Guenther, Andreas"]
[Black "Dauth, Benjamin"]
[Result "0-1"]
[WhiteElo "2121"]
[BlackElo "2295"]
[PlyCount "126"]
[EventDate "2019.05.26"]
[EventType "swiss"]
[EventRounds "9"]
[EventCountry "GER"]
[SourceTitle "CBM 190 Extra"]
[Source "ChessBase"]
[SourceDate "2019.07.15"]
[SourceVersion "1"]
[SourceVersionDate "2019.07.15"]
[SourceQuality "1"]

1. d4 d5 2. Nf3 Nf6 3. e3 e6 4. Bd3 Bd6 5. 0-0 0-0 6. b3 Qe7 7. Bb2 Nbd7 8. Ne5 Ne8 9. f4 g6 10. Nd2 Ng7 11. e4 f6 12. Nxd7 Bxd7 13. e5 Ba3 14. Bxa3 Qxa3 15. Nf3 c5 16. c3 Rac8 17. exf6 Rxf6 18. Ne5 Be8 19. Qd2 Qa5 20. b4 cxb4 21. cxb4 Qb6 22. Qb2 Bb5 23. Bxb5 Qxb5 24. a4 Qe8 25. Rac1 Rd8 26. Rc7 Qxa4 27. Rxb7 Qa6 28. Rc7 Ne8 29. Rc6 Qb7 30. g3 Nd6 31. Qa3 Rf7 32. Nxf7 Kxf7 33. Qa6 Qxb4 34. Qxa7+ Kf8 35. Qc5 Qb8 36. Ra1 Qb2 37. Qc3 Qe2 38. Re1 Qg4 39. Qc5 Ke7 40. Qa7+ Kf6 41. Qb6 Nf7 42. Rcxe6+ Kg7 43. Re7 Rd7 44. Qe6 Rxe7 45. Qxe7 Qf3 46. Qe3 Qg4 47. Rc1 h5 48. Kg2 h4 49. h3 Qf5 50. g4 Qd7 51. Re1 Qc7 52. Re2 Qc4 53. Rf2 Qc7 54. Qe6 Qc3 55. Qxd5 Qg3+ 56. Kf1 Qxh3+ 57. Qg2 Qd3+ 58. Kg1 Qxd4 59. Kh2 Nh6 60. Qf3 Qxf2+ 61. Qxf2 Nxg4+ 62. Kg2 Nxf2 63. Kxf2 Kf6 0-1

[Event "Prague Holiday M31"]
[Site "Prague"]
[Date "2017.08.02"]
[Round "6"]
[White "Guenther, Andreas"]
[Black "Yanjinlkham, Bayarsaikhan"]
[Result "1-0"]
[WhiteElo "2122"]
[BlackElo "1988"]
[PlyCount "79"]
[EventDate "2017.07.30"]
[EventType "tourn"]
[EventRounds "9"]
[EventCountry "CZE"]
[SourceTitle "EXT 2023"]
[Source "ChessBase"]
[SourceDate "2022.10.05"]
[SourceVersion "1"]
[SourceVersionDate "2022.10.05"]
[SourceQuality "1"]

1. d4 d5 2. Nf3 c6 3. e3 Nf6 4. c4 a6 5. Nc3 b5 6. b3 Bg4 7. Bd2 Ne4 8. Be2 Nxd2 9. Nxd2 Bxe2 10. Qxe2 g6 11. 0-0 Bg7 12. cxd5 cxd5 13. a4 bxa4 14. Rxa4 0-0 15. b4 e5 16. b5 a5 17. Nb3 Qd6 18. Qf3 e4 19. Qg3 Qd8 20. Rfa1 f5 21. f4 exf3 22. Qxf3 f4 23. exf4 Nd7 24. Nxd5 Qb8 25. Rxa5 Rxa5 26. Rxa5 Qd8 27. Ra7 Re8 28. Nc7 Re1+ 29. Kf2 Qe7 30. Nd5 Qe6 31. Rxd7 Qxd7 32. Kxe1 Qxb5 33. Kf2 Qc4 34. Kg3 h5 35. h3 Kh7 36. Kh2 Qc2 37. f5 gxf5 38. Qxh5+ Kg8 39. Ne7+ Kf8 40. Ng6+ 1-0

[Event "Prague Holiday M31"]
[Site "Prague"]
[Date "2017.08.01"]
[Round "4"]
[White "Guenther, Andreas"]
[Black "Sedlacek, Tomas"]
[Result "1/2-1/2"]
[WhiteElo "2122"]
[BlackElo "2100"]
[PlyCount "49"]
[EventDate "2017.07.30"]
[EventType "tourn"]
[EventRounds "9"]
[EventCountry "CZE"]
[SourceTitle "EXT 2023"]
[Source "ChessBase"]
[SourceDate "2022.10.05"]
[SourceVersion "1"]
[SourceVersionDate "2022.10.05"]
[SourceQuality "1"]

1. d4 e6 2. Nf3 f5 3. c4 d5 4. Nc3 c6 5. Qc2 Nf6 6. Bg5 Be7 7. e3 0-0 8. Bd3 h6 9. Bxf6 Bxf6 10. Rc1 Bd7 11. 0-0 a6 12. a4 a5 13. Qb3 Na6 14. Ne2 Nb4 15. Bb1 Qe8 16. Nf4 b6 17. Nd3 Be7 18. Nxb4 axb4 19. Qd1 dxc4 20. Rxc4 c5 21. b3 b5 22. Rc1 bxa4 23. dxc5 Bb5 24. Re1 Bf6 25. Nd4 1/2-1/2

[Event "Prague Holiday M31"]
[Site "Prague"]
[Date "2017.07.31"]
[Round "3"]
[White "Baasansuren, Erdene"]
[Black "Guenther, Andreas"]
[Result "1-0"]
[WhiteElo "2100"]
[BlackElo "2122"]
[PlyCount "61"]
[EventDate "2017.07.30"]
[EventType "tourn"]
[EventRounds "9"]
[EventCountry "CZE"]
[SourceTitle "EXT 2023"]
[Source "ChessBase"]
[SourceDate "2022.10.05"]
[SourceVersion "1"]
[SourceVersionDate "2022.10.05"]
[SourceQuality "1"]

1. d4 f5 2. Nc3 Nf6 3. Bg5 d5 4. e3 e6 5. Bd3 c5 6. dxc5 Bxc5 7. Nb5 0-0 8. Bf4 Nc6 9. Nf3 Bd7 10. a3 a6 11. Nbd4 Qe7 12. c4 Rac8 13. 0-0 Rfd8 14. Qe2 Be8 15. cxd5 Nxd5 16. Bg5 Nf6 17. Rad1 Kh8 18. Bc4 Rd6 19. Bf4 Nd8 20. Bxd6 Bxd6 21. h3 Bh5 22. Bd3 Nf7 23. e4 fxe4 24. Bxe4 Ng5 25. Bb1 Rf8 26. Qe3 Nxf3+ 27. Nxf3 Bc5 28. Qe2 Nd5 29. Qe4 Bg6 30. Qh4 Qf7 31. Ne5 1-0

[Event "Prague Holiday M11"]
[Site "Prague"]
[Date "2016.07.18"]
[Round "3"]
[White "Koper, Stefan"]
[Black "Guenther, Andreas"]
[Result "0-1"]
[WhiteElo "1925"]
[BlackElo "2108"]
[PlyCount "104"]
[EventDate "2016.07.17"]
[EventType "tourn"]
[EventRounds "9"]
[EventCountry "CZE"]
[SourceTitle "EXT 2023"]
[Source "ChessBase"]
[SourceDate "2022.10.05"]
[SourceVersion "1"]
[SourceVersionDate "2022.10.05"]
[SourceQuality "1"]

1. d4 f5 2. h3 d5 3. c3 Nf6 4. Bf4 e6 5. e3 Bd6 6. Na3 0-0 7. Nc2 b6 8. Nf3 c5 9. Ne5 Qc7 10. Bh2 Nc6 11. f4 c4 12. Be2 b5 13. 0-0 Rb8 14. Nxc6 Qxc6 15. a3 a5 16. Ne1 Rf7 17. Nf3 Ra7 18. Ne5 Qb7 19. Bf3 Rba8 20. Bg3 Bd7 21. Bh4 Be8 22. g4 Qc8 23. gxf5 exf5 24. Bxf6 gxf6 25. Bxd5+ Kh8 26. Bxa8 Qxa8 27. Nf3 Bh5 28. d5 Bc5 29. Qd2 Qe8 30. Nd4 Qe4 31. Kh2 Qxd5 32. Qg2 Qd7 33. Rg1 Bg6 34. Rad1 Ra6 35. Qf3 a4 36. Rd2 Rd6 37. Rdg2 Qe8 38. Rg3 Bxd4 39. cxd4 Re6 40. Qf2 Re4 41. Qd2 Qd7 42. Qb4 Kg7 43. Qc5 Kf7 44. h4 Ke6 45. Qb6+ Kd5 46. Qxf6 Qe7 47. Qxe7 Rxe7 48. Kg2 Ke4 49. Kf2 Kd3 50. Rc1 Bh5 51. Rc3+ Kd2 52. Rg1 Be2 0-1

[Event "Oberliga Ost-B 1516"]
[Site "Germany"]
[Date "2015.09.20"]
[Round "1.7"]
[White "Birke, Andreas"]
[Black "Guenther, Andreas"]
[Result "1-0"]
[WhiteElo "2193"]
[BlackElo "2139"]
[PlyCount "59"]
[EventDate "2015.09.20"]
[EventType "team-tourn"]
[EventRounds "11"]
[EventCountry "GER"]
[SourceTitle "EXT 2017"]
[Source "ChessBase"]
[SourceDate "2016.10.25"]
[SourceVersion "1"]
[SourceVersionDate "2016.10.25"]
[SourceQuality "1"]
[WhiteTeam "Liebschwitz"]
[BlackTeam "Weimar"]
[WhiteTeamCountry "GER"]
[BlackTeamCountry "GER"]

1. Nf3 f5 2. b3 Nf6 3. Bb2 e6 4. g3 Be7 5. Bg2 0-0 6. 0-0 c5 7. d3 Nc6 8. Nbd2 d5 9. Re1 Bd7 10. a4 Be8 11. Ng5 Qd7 12. e4 Bh5 13. Qc1 fxe4 14. dxe4 Ng4 15. Nh3 Bf6 16. Nf4 Bf7 17. Bh3 Bxb2 18. Qxb2 e5 19. Nd3 c4 20. Bxg4 Qxg4 21. Nxe5 Nxe5 22. Qxe5 Rae8 23. Qd4 dxe4 24. Rxe4 Rxe4 25. Nxe4 Kh8 26. bxc4 Re8 27. f4 Bg6 28. Re1 Qf5 29. Re3 Rxe4 30. Qd8+ 1-0

[Event "Oberliga Ost-B 1415"]
[Site "Germany"]
[Date "2014.12.07"]
[Round "5.8"]
[White "Nimsch, Helmut"]
[Black "Guenther, Andreas"]
[Result "1/2-1/2"]
[WhiteElo "2071"]
[BlackElo "2150"]
[PlyCount "126"]
[EventDate "2014.09.21"]
[EventType "team-tourn"]
[EventRounds "11"]
[EventCountry "GER"]
[SourceTitle "EXT 2016"]
[Source "ChessBase"]
[SourceDate "2015.10.08"]
[SourceVersion "1"]
[SourceVersionDate "2015.10.08"]
[SourceQuality "1"]
[WhiteTeam "Frankfurt BvK"]
[BlackTeam "Weimar Vimaria"]
[WhiteTeamCountry "GER"]
[BlackTeamCountry "GER"]

1. d4 f5 2. c4 Nf6 3. Nc3 d6 4. Nf3 g6 5. g3 Bg7 6. Bg2 0-0 7. 0-0 Qe8 8. d5 Na6 9. Nd4 Bd7 10. Rb1 c6 11. b4 c5 12. bxc5 Nxc5 13. e3 Rc8 14. Qe2 a6 15. Bd2 e5 16. dxe6 Nxe6 17. Bxb7 Nxd4 18. exd4 Qxe2 19. Nxe2 Rxc4 20. Bxa6 Ra4 21. Rb6 Rxa6 22. Rxa6 Bb5 23. Rb6 Bxe2 24. Re1 Bc4 25. f3 Nd5 26. Rxd6 Bxa2 27. Kg2 Rc8 28. Kh3 Bxd4 29. Bg5 Bg7 30. Rd8+ Rxd8 31. Bxd8 Nf6 32. Kg2 Bf7 33. Re3 Nd5 34. Ra3 Bd4 35. Bg5 Kg7 36. Ra4 Bf6 37. Bxf6+ Nxf6 38. Ra7 g5 39. h3 Nd5 40. h4 h6 41. hxg5 hxg5 42. Kf2 Kf6 43. Ra5 Ke5 44. Rb5 Be6 45. Ra5 Kf6 46. Ra6 f4 47. gxf4 gxf4 48. Ra5 Ne3 49. Ra3 Nc4 50. Ra8 Ke5 51. Rd8 Nb2 52. Rd2 Na4 53. Re2+ Kf5 54. Rc2 Bd5 55. Rc8 Nb6 56. Rf8+ Ke5 57. Re8+ Be6 58. Ke2 Nd5 59. Kf2 Nb4 60. Rd8 Nc6 61. Re8 Nd4 62. Rf8 Nf5 63. Re8 Nd6 1/2-1/2

[Event "Oberliga Ost-B 1415"]
[Site "Germany"]
[Date "2014.11.09"]
[Round "4.8"]
[White "Guenther, Andreas"]
[Black "Rudolph, Peter"]
[Result "1/2-1/2"]
[WhiteElo "2150"]
[BlackElo "2092"]
[PlyCount "35"]
[EventDate "2014.09.21"]
[EventType "team-tourn"]
[EventRounds "11"]
[EventCountry "GER"]
[SourceTitle "EXT 2016"]
[Source "ChessBase"]
[SourceDate "2015.10.08"]
[SourceVersion "1"]
[SourceVersionDate "2015.10.08"]
[SourceQuality "1"]
[WhiteTeam "Weimar Vimaria"]
[BlackTeam "Giessen"]
[WhiteTeamCountry "GER"]
[BlackTeamCountry "GER"]

1. d4 d5 2. Nf3 Nf6 3. e3 e6 4. Bd3 Bd6 5. 0-0 0-0 6. b3 b6 7. Bb2 Bb7 8. Nbd2 Ne4 9. Rc1 Nd7 10. Ne5 Nxd2 11. Qxd2 f5 12. f4 Nf6 13. c4 c6 14. Rc2 Ne4 15. Qe2 Bxe5 16. fxe5 Qe7 17. Rfc1 Rac8 18. cxd5 1/2-1/2

[Event "Friedrichroda op 18th"]
[Site "Friedrichroda"]
[Date "2014.08.14"]
[Round "2"]
[White "Just, Joachim"]
[Black "Guenther, Andreas"]
[Result "0-1"]
[WhiteElo "1966"]
[BlackElo "2150"]
[PlyCount "100"]
[EventDate "2014.08.13"]
[EventType "swiss"]
[EventRounds "7"]
[EventCountry "GER"]
[SourceTitle "CBM 162 Extra"]
[Source "ChessBase"]
[SourceDate "2014.10.17"]
[SourceVersion "1"]
[SourceVersionDate "2014.10.17"]
[SourceQuality "1"]

1. d4 f5 2. Nf3 Nf6 3. c3 d5 4. Bf4 e6 5. e3 Be7 6. Nbd2 0-0 7. Ne5 c5 8. dxc5 Bxc5 9. Nb3 Bd6 10. Nd4 Bxe5 11. Bxe5 Nc6 12. Nxc6 bxc6 13. Be2 Qb6 14. Qb3 Ne4 15. Bf3 Ba6 16. Rd1 Nc5 17. Qxb6 axb6 18. Bd6 Nd3+ 19. Rxd3 Bxd3 20. Bxf8 Kxf8 21. Kd2 Bc4 22. a3 Ke7 23. Be2 Bxe2 24. Kxe2 Kd6 25. Rd1 c5 26. c4 Ra4 27. cxd5 exd5 28. g3 b5 29. Kd3 b4 30. axb4 Rxb4 31. Kc3 Ra4 32. Kb3 Ra5 33. Kc3 Ke5 34. f3 g5 35. f4+ gxf4 36. exf4+ Kd6 37. Re1 d4+ 38. Kc2 c4 39. Re8 Rb5 40. Rd8+ Kc5 41. Rd7 d3+ 42. Kc1 Rb6 43. Rf7 Re6 44. Rxf5+ Kd4 45. Rh5 Re1+ 46. Kd2 Rb1 47. Rxh7 Rxb2+ 48. Kc1 Kc3 49. Rd7 Rxh2 50. Kb1 d2 0-1

[Event "Friedrichroda op 18th"]
[Site "Friedrichroda"]
[Date "2014.08.13"]
[Round "1"]
[White "Guenther, Andreas"]
[Black "Biastoch, Bennet"]
[Result "1-0"]
[WhiteElo "2150"]
[BlackElo "1765"]
[PlyCount "41"]
[EventDate "2014.08.13"]
[EventType "swiss"]
[EventRounds "7"]
[EventCountry "GER"]
[SourceTitle "CBM 162 Extra"]
[Source "ChessBase"]
[SourceDate "2014.10.17"]
[SourceVersion "1"]
[SourceVersionDate "2014.10.17"]
[SourceQuality "1"]

1. d4 Nf6 2. Nf3 g6 3. Bg5 Bg7 4. Nbd2 d6 5. c3 0-0 6. e4 h6 7. Bxf6 Bxf6 8. Bc4 c5 9. dxc5 dxc5 10. Qe2 Qc7 11. 0-0 Nc6 12. Qe3 Na5 13. Qxh6 Nxc4 14. Nxc4 Bg7 15. Qh4 b5 16. Ne3 e6 17. Rad1 Bb7 18. Ng4 Qf4 19. Ng5 Rfe8 20. Nh6+ Bxh6 21. Qxf4 1-0

[Event "Hessen-chA"]
[Site "Offenbach"]
[Date "2012.04.06"]
[Round "6"]
[White "Will, Dominik"]
[Black "Guenther, Andreas"]
[Result "1/2-1/2"]
[WhiteElo "2085"]
[BlackElo "1973"]
[PlyCount "57"]
[EventDate "2012.04.05"]
[EventType "swiss"]
[EventRounds "7"]
[EventCountry "GER"]
[SourceTitle "EXT 2013"]
[Source "ChessBase"]
[SourceDate "2012.11.22"]
[SourceVersion "1"]
[SourceVersionDate "2012.11.22"]
[SourceQuality "1"]

1. e4 c5 2. Nf3 d6 3. d4 cxd4 4. Nxd4 Nf6 5. Nc3 a6 6. Bg5 e6 7. f4 Qb6 8. Qd2 Qxb2 9. Nb3 Qa3 10. Bxf6 gxf6 11. Be2 h5 12. 0-0 Qb4 13. f5 Bh6 14. Qd3 Bg5 15. fxe6 fxe6 16. e5 Nd7 17. Qg6+ Kd8 18. Qg7 Rf8 19. Nd5 exd5 20. e6 Re8 21. Bxh5 Rxe6 22. Qg8+ Nf8 23. Qxf8+ Kc7 24. c3 Qxc3 25. Bg4 Qe3+ 26. Kh1 Re8 27. Rac1+ Kb6 28. Qxd6+ Ka7 29. Bxc8 1/2-1/2

[Event "Karl Mala Memorial op 14th"]
[Site "Frankfurt"]
[Date "2011.07.08"]
[Round "2"]
[White "Goebel, Constantin"]
[Black "Guenther, Andreas"]
[Result "1-0"]
[WhiteElo "2148"]
[BlackElo "1930"]
[PlyCount "81"]
[EventDate "2011.07.07"]
[EventType "swiss"]
[EventRounds "7"]
[EventCountry "GER"]
[SourceTitle "EXT 2012"]
[Source "ChessBase"]
[SourceDate "2011.11.24"]
[SourceVersion "1"]
[SourceVersionDate "2011.11.24"]
[SourceQuality "1"]

1. e4 c5 2. Nf3 d6 3. d4 cxd4 4. Nxd4 Nf6 5. Nc3 a6 6. Bg5 e6 7. f4 Qb6 8. Qd2 Qxb2 9. Rb1 Qa3 10. e5 dxe5 11. fxe5 Nfd7 12. Be2 Bb4 13. Rb3 Qa5 14. 0-0 0-0 15. a3 Bc5 16. Kh1 Bxd4 17. Qxd4 Nc6 18. Qh4 Ncxe5 19. Ne4 Ng6 20. Qh5 Qe5 21. Rh3 h6 22. Bd3 b5 23. Re3 Bb7 24. Qd1 hxg5 25. Nf6+ Nxf6 26. Rxe5 Nxe5 27. Qd2 Nxd3 28. cxd3 Rfd8 29. h3 Rd5 30. Kh2 Rad8 31. Rf3 g4 32. Re3 Rd4 33. Qc3 gxh3 34. gxh3 R4d6 35. Rg3 Rc8 36. Qxf6 Rc2+ 37. Kg1 Rc1+ 38. Kf2 Rc2+ 39. Ke3 g6 40. Qe7 Rb6 41. Qd8+ 1-0

[Event "Karl Mala Memorial op 14th"]
[Site "Frankfurt"]
[Date "2011.07.07"]
[Round "1"]
[White "Guenther, Andreas"]
[Black "Urbach, Jens"]
[Result "1-0"]
[WhiteElo "1930"]
[BlackElo "1059"]
[PlyCount "37"]
[EventDate "2011.07.07"]
[EventType "swiss"]
[EventRounds "7"]
[EventCountry "GER"]
[SourceTitle "EXT 2012"]
[Source "ChessBase"]
[SourceDate "2011.11.24"]
[SourceVersion "1"]
[SourceVersionDate "2011.11.24"]
[SourceQuality "1"]

1. e4 d6 2. Nf3 Bg4 3. d3 g6 4. h3 Bxf3 5. Qxf3 Nf6 6. Nd2 Bg7 7. g3 Nc6 8. c3 0-0 9. Bg2 Ne5 10. Qe2 c5 11. 0-0 d5 12. Nf3 Nxf3+ 13. Bxf3 dxe4 14. dxe4 Nd7 15. Be3 Qc7 16. Rad1 Ne5 17. Bg2 b5 18. Qxb5 Nd7 19. Rxd7 1-0

[Event "Main Vogelsberg op 6th"]
[Site "Hanau"]
[Date "2011.06.05"]
[Round "7"]
[White "Guenther, Andreas"]
[Black "Geringer, Waldemar"]
[Result "1/2-1/2"]
[WhiteElo "1849"]
[BlackElo "1852"]
[PlyCount "103"]
[EventDate "2011.06.02"]
[EventType "swiss"]
[EventRounds "7"]
[EventCountry "GER"]
[SourceTitle "CBM 142 Extra"]
[Source "ChessBase"]
[SourceDate "2011.06.27"]
[SourceVersion "1"]
[SourceVersionDate "2011.06.27"]
[SourceQuality "1"]

1. e4 c5 2. Nf3 d6 3. c3 Nf6 4. g3 Nc6 5. d3 Bg4 6. h3 Bd7 7. Bg2 Qc8 8. Nbd2 e5 9. a3 a5 10. Nc4 Ra6 11. a4 h6 12. Be3 Be7 13. Nfd2 Be6 14. f4 d5 15. fxe5 dxc4 16. exf6 Bd6 17. fxg7 Rg8 18. Nxc4 Bxg3+ 19. Kf1 Bxc4 20. dxc4 Ne5 21. Qd5 Rf6+ 22. Ke2 b6 23. Rhf1 Rg6 24. Rf5 R8xg7 25. Rxe5+ Bxe5 26. Qxe5+ Kf8 27. Bf3 Qxh3 28. Qb8+ Ke7 29. Qc7+ Qd7 30. Qxd7+ Kxd7 31. Rh1 Ke6 32. Bxh6 Rh7 33. Be3 Rxh1 34. Bxh1 Ke5 35. Bf3 Rg8 36. b4 axb4 37. cxb4 cxb4 38. Bxb6 b3 39. Ke3 Kd6 40. c5+ Ke6 41. Kd2 Rg1 42. e5 b2 43. Be4 Kxe5 44. Bc2 b1Q 45. Bxb1 Rxb1 46. a5 Kd5 47. a6 f5 48. a7 Ra1 49. Ke3 Ra4 50. Kf3 Kc6 51. Ke3 Kd5 52. Kf3 1/2-1/2

[Event "Oberliga Ost-B 1011"]
[Site "Germany"]
[Date "2011.04.10"]
[Round "11.4"]
[White "Haubt, Georg"]
[Black "Guenther, Andreas"]
[Result "0-1"]
[WhiteElo "2224"]
[BlackElo "2132"]
[PlyCount "100"]
[EventDate "2010.10.24"]
[EventType "team-tourn"]
[EventRounds "11"]
[EventCountry "GER"]
[SourceTitle "EXT 2012"]
[Source "ChessBase"]
[SourceDate "2011.11.24"]
[SourceVersion "1"]
[SourceVersionDate "2011.11.24"]
[SourceQuality "1"]
[WhiteTeam "Oberursel"]
[BlackTeam "Weimar"]
[WhiteTeamCountry "GER"]
[BlackTeamCountry "GER"]

1. d4 d5 2. Nf3 e6 3. g3 f5 4. Bg2 Nf6 5. 0-0 Bd6 6. c4 c6 7. b3 Qe7 8. Bf4 Bxf4 9. gxf4 0-0 10. Qc2 Ne4 11. Ne5 Qh4 12. e3 Nd7 13. f3 Nd6 14. Nd2 Nf7 15. cxd5 exd5 16. Rf2 Ndxe5 17. fxe5 f4 18. e4 Be6 19. Qd3 Rad8 20. Qc3 Ng5 21. Re2 Rd7 22. exd5 Bxd5 23. Nc4 Re8 24. Rf2 Re6 25. Nd6 Rg6 26. Kf1 Nf7 27. Ne4 Qxh2 28. Rc1 h5 29. Nc5 Re7 30. Qd3 Rg3 31. Rcc2 h4 32. Ke1 h3 33. Bf1 Qg1 34. Ne4 Bxe4 35. Qxe4 Ng5 36. Qf5 Nxf3+ 37. Kd1 Nxd4 38. Qxf4 Ne6 39. Qh4 Rd7+ 40. Kc1 Re3 41. Kb2 Qg3 42. Qxg3 Rxg3 43. Bc4 Re7 44. Rc3 Rg2 45. Rxg2 hxg2 46. Rg3 b5 47. Be2 Nf4 48. Bf3 Rxe5 49. Bxc6 Re1 50. Bxg2 Re2+ 0-1

[Event "Oberliga Ost-B 1011"]
[Site "Germany"]
[Date "2010.12.12"]
[Round "4.4"]
[White "Guenther, Andreas"]
[Black "Seifert, Christopher"]
[Result "1/2-1/2"]
[WhiteElo "2132"]
[BlackElo "2176"]
[PlyCount "71"]
[EventDate "2010.10.24"]
[EventType "team-tourn"]
[EventRounds "11"]
[EventCountry "GER"]
[SourceTitle "EXT 2012"]
[Source "ChessBase"]
[SourceDate "2011.11.24"]
[SourceVersion "1"]
[SourceVersionDate "2011.11.24"]
[SourceQuality "1"]
[WhiteTeam "Weimar"]
[BlackTeam "Neuberg"]
[WhiteTeamCountry "GER"]
[BlackTeamCountry "GER"]

1. Nc3 c5 2. Nf3 Nc6 3. d4 cxd4 4. Nxd4 g6 5. Be3 Bg7 6. Nxc6 bxc6 7. Bd4 Nf6 8. Ne4 Nxe4 9. Bxg7 Rg8 10. Bd4 Qa5+ 11. c3 e5 12. b4 Qd5 13. f3 exd4 14. fxe4 Qxe4 15. Qxd4 Qxd4 16. cxd4 a5 17. bxa5 Rxa5 18. e3 Ke7 19. Bc4 d6 20. Kd2 Be6 21. Rhc1 Rga8 22. Bxe6 Kxe6 23. Rxc6 Kd5 24. Rc2 f5 25. Ke2 Ke4 26. Kf2 Ra3 27. Re2 R8a7 28. d5 R7a5 29. Rb2 h5 30. h4 R5a4 31. Rd1 Rxa2 32. Rd4+ Rxd4 33. Rxa2 Rxd5 34. Ra4+ Ke5 35. Kf3 Rd3 36. Ra8 1/2-1/2